32 pays 32 images - Statistiques

Statistiques générales
  • Ce quiz a été pris 700 fois
  • Le résultat moyen est 17 sur 32
Statistiques - réponses
Par images Réponse % Correct
France
100%
Italie
100%
Brésil
99%
Égypte
97%
Chine
95%
Japon
91%
États-Unis
90%
Australie
89%
Inde
89%
Grèce
86%
Mexique
79%
Russie
77%
Pérou
75%
Pays-Bas
69%
Maroc
60%
Espagne
57%
Canada
54%
Afrique du Sud
48%
Corée du Sud
45%
Royaume-Uni
45%
Turquie
40%
Allemagne
31%
Singapour
24%
Algérie
21%
Argentine
14%
Venezuela
14%
Nouvelle-Zélande
12%
Fidji
9%
Luxembourg
8%
Haïti
4%
Cap-Vert
2%
Sénégal
2%
Aucun quiz correspondant
Distribution des résultats
% des personnes avec chaque résultat
Percentile par nombre de réponses
Votre historique - résultats
Vous n’avez pas pris ce quiz